Společné a nadnárodní podniky
Gespeichert in:
| 1. Verfasser: | |
|---|---|
| Körperschaft: | |
| Format: | Buch |
| Sprache: | Tschechisch |
| Veröffentlicht: |
Praha
Vysoká škola ekonomická v Praze. Nakladatelství Oeconomica
2006
|
| Schlagworte: | |
| Tags: |
Keine Tags, Fügen Sie das erste Tag hinzu!
|
MARC
| LEADER | 00000nam$a2200000$$$4500 | ||
|---|---|---|---|
| 001 | 0077273 | ||
| 005 | 20240313090436.3 | ||
| 020 | |a 80-245-1029-4 | ||
| 041 | 0 | |a cze | |
| 044 | |a CZ | ||
| 245 | 1 | 0 | |a Společné a nadnárodní podniky |c Jiří Dvořáček a kol. |
| 264 | 1 | |a Praha |b Vysoká škola ekonomická v Praze. Nakladatelství Oeconomica |c 2006 | |
| 300 | |a 199 s. | ||
| 610 | 2 | 0 | |a podnik spoločný |
| 610 | 2 | 0 | |a internacionalizácia |
| 610 | 2 | 0 | |a podnik medzinárodný |
| 610 | 2 | 0 | |a vývoz |
| 610 | 2 | 0 | |a podnikanie |
| 610 | 2 | 0 | |a investovanie |
| 610 | 2 | 0 | |a investície zahraničné |
| 610 | 2 | 0 | |a zákony |
| 610 | 2 | 0 | |a legislatíva |
| 610 | 2 | 0 | |a podnikanie v zahraničí |
| 610 | 2 | 0 | |a joint ventures |
| 610 | 2 | 0 | |a podnik multinacionálny |
| 610 | 2 | 0 | |a Česko |
| 100 | 1 | |a Dvořáček, Jiří | |
| 710 | 2 | |a Vysoká škola ekonomická v Praze | |